00385aas a2200169 4500999001700000003000400017005001700021007000300038008004100041022001000082040000900092082001300101245002000114260003400134310001200168942003500180 c41097d41097OSt20210310102141.0ta210310c mr|p| |||| 00| 0 eng d 224687 coclc a530bPHY aPhysics for you aGurgaon:bMTG Learning Media, aMonthly 2ddccCRh530iPHYk530mPHYs1